000 005500000a22001810004500
020 _a84-7645-966-1
041 0 _aSPA
082 0 4 _aG 261.74 B9939g
100 1 _aByler, Dionisio
245 1 0 _aLos genocidios en la Biblia : Reflexiones sobre la violencia y la no violencia en la historia del pueblo de Dios / Dionisio Byler
260 _aTerrassa, Barcelona, España : CLIE
300 _a125 Pag
001 6855
942 _cBK
999 _c37109
_d37109
336 _atexto
_btxt
_2rdacontent
337 _2rdamedia
_asin mediación
_bn
338 _2rdacarrier
_avolumen
_bnc